000 00298nam a22001457a 4500
003 SGT
082 _a612.015
_bB15S
100 _aSINGH, S.P.
245 _aTB. OF BIOCHEMISTRY
250 _a6TH
260 _aINDIA
_bCBS
_c2015
300 _a1051
650 _aBIOCHEMISTRY
942 _2ddc
_cBK
_014
999 _c10536
_d10536